|
|
|
|
| LEADER |
01031pam a22002658a 4500 |
| 001 |
00023077 |
| 005 |
20171026081025.0 |
| 008 |
110609s1989 ||||||Viesd |
| 020 |
|
|
|c 2000
|
| 041 |
0 |
# |
|a Vie
|
| 082 |
1 |
4 |
|a 895.1
|b V115H
|
| 100 |
0 |
# |
|a Lương Duy Thứ
|e Giới thiệu, tuyển dịch
|
| 245 |
0 |
0 |
|a Văn học Trung Quốc hiện nay
|c Lương Duy Thứ
|
| 260 |
# |
# |
|a H.
|b Giáo dục
|c 1989
|
| 300 |
# |
# |
|a 290 tr.
|c 19 cm.
|
| 650 |
# |
4 |
|a Nghiên cứu
|
| 650 |
# |
4 |
|a Văn học hiện đại
|
| 650 |
# |
4 |
|a Văn học
|
| 653 |
# |
# |
|a Trung Quốc
|
| 852 |
# |
# |
|b Kho giáo trình
|j KGT.0023356, KGT.0023357, KGT.0023358, KGT.0023359, KGT.0023360, KGT.0023361, KGT.0023362, KGT.0023363, KGT.0023364
|
| 852 |
# |
# |
|b Kho mượn
|j KGT.0023357
|
| 852 |
# |
# |
|j KGT.0023357
|j KGT.0023360
|j KGT.0023361
|j KD.0009332
|j KGT.0023358
|j KGT.0023363
|
| 852 |
# |
# |
|b Kho đọc
|j KD.0009332
|
| 910 |
0 |
# |
|a Phương
|d 09/06/2011
|
| 980 |
# |
# |
|a Trung tâm Học liệu Lê Vũ Hùng, Trường Đại học Đồng Tháp
|